000
00326nam a2200133Ia 4500
008
240624s9999 xx 000 0 und d
041
_a
eng
082
_a
658.15 MAD
100
_a
MADDEN BARTLEY J
245
_a
WEALTH CREATION A SYSTEMS MINDSET FOR BU
260
_c
2010
_a
Term
_b
Wiley
300
_a
178 , p.
365
_c
_b
28
999
_c
28863
_d
28863